The unknown Leonardo, (Record no. 1484)

000 -LEADER
fixed length control field 01028nam a22003257a 4500
001 - CONTROL NUMBER
control field 4560226
003 - CONTROL NUMBER IDENTIFIER
control field OSt
005 - DATE AND TIME OF LATEST TRANSACTION
control field 20210426061306.0
008 - FIXED-LENGTH DATA ELEMENTS--GENERAL INFORMATION
fixed length control field 730910s1974 nyua b 001 0 eng
010 ## - LIBRARY OF CONGRESS CONTROL NUMBER
LC control number 73015962
020 ## - INTERNATIONAL STANDARD BOOK NUMBER
International Standard Book Number 0070371962
040 ## - CATALOGING SOURCE
Original cataloging agency DLC
Transcribing agency DLC
Modifying agency DLC
Language of cataloging eng
041 ## - LANGUAGE CODE
Language code of text/sound track or separate title eng
043 ## - GEOGRAPHIC AREA CODE
Geographic area code e-it---
050 00 - LIBRARY OF CONGRESS CALL NUMBER
Classification number N6923.L33
Item number R4 1974
080 ## - UNIVERSAL DECIMAL CLASSIFICATION NUMBER
Universal Decimal Classification number 7
Item number R-46
082 00 - DEWEY DECIMAL CLASSIFICATION NUMBER
Classification number 709/.2
Edition number 20
100 1# - MAIN ENTRY--PERSONAL NAME
Personal name Reti, Ladislao.
Relator term Editor
245 14 - TITLE STATEMENT
Title The unknown Leonardo,
Statement of responsibility, etc. edited by Ladislao Reti. Designed by Emil M. Bührer.
Remainder of title / by: McGraw-Hill Book Company
260 ## - PUBLICATION, DISTRIBUTION, ETC.
Place of publication, distribution, etc. New York,
Name of publisher, distributor, etc. McGraw-Hill Book Company
Date of publication, distribution, etc. [c1974]
300 ## - PHYSICAL DESCRIPTION
Extent 319 p.
Other physical details illus. (part col.)
Dimensions 33 cm.
504 ## - BIBLIOGRAPHY, ETC. NOTE
Bibliography, etc. note Includes bibliographical references.
600 00 - SUBJECT ADDED ENTRY--PERSONAL NAME
Personal name Leonardo,
Titles and other words associated with a name da Vinci,
Dates associated with a name 1452-1519.
610 10 - SUBJECT ADDED ENTRY--CORPORATE NAME
Corporate name or jurisdiction name as entry element Madrid.
Subordinate unit Biblioteca Nacional.
Form subheading MSS. (8936-8937)
650 #0 - SUBJECT ADDED ENTRY--TOPICAL TERM
Topical term or geographic name entry element Artists
Geographic subdivision Italy
Form subdivision Biography.
650 #0 - SUBJECT ADDED ENTRY--TOPICAL TERM
Topical term or geographic name entry element Art
9 (RLIN) 447
653 ## - INDEX TERM--UNCONTROLLED
Uncontrolled term ხელოვნება
906 ## - LOCAL DATA ELEMENT F, LDF (RLIN)
a 7
b cbc
c orignew
d 1
e ocip
f 19
g y-gencatlg
942 ## - ADDED ENTRY ELEMENTS (KOHA)
Source of classification or shelving scheme
Koha item type Books
Holdings
Withdrawn status Lost status Source of classification or shelving scheme Damaged status Not for loan Permanent location Current location Date acquired Inventory number Total Checkouts Full call number Barcode Date last seen Price effective from Koha item type
          Ken Walker International University Ken Walker International University 02/17/2021 1553   7 R-46 1553 02/17/2021 02/17/2021 Books

Powered by Koha